[Event "Olympiad"]
[Site "masterchessopen.com – Elista (Russia)"]
[Round "12"]
[White "Ghorbani Mohsen (IRI)"]
[Black "Isaev Jamshed (TJK)"]
[Result "0-1"]
[WhiteElo "2430"]
[BlackElo "2440"]

1.d4 Nf6 2.Nf3 g6 3.c4 Bg7 4.Nc3 d5 5.Bf4 O-O 6.Rc1 dxc4 7.e4 c5 8.d5 b5 9.e5
Nh5 10.Bg5 h6 11.Be3 Bg4 12.Be2 Nd7 13.O-O Rb8 14.Qd2 Kh7 15.Ne4 Bxf3 16.Bxf3
Nxe5 17.Bxh5 gxh5 18.Nxc5 Qd6 19.b4 Rg8 20.Rfd1 Nf3+ 21.gxf3 Bc3+ 22.Kf1 Bxd2
23.Rxd2 Qxh2 24.Ke2 Rg1 25.Rxg1 Qxg1 26.Ne4 f5 27.Ng3 Qb1 28.Nxh5 c3 29.Rd1
Qxa2+ {#R} 0-1

[Event "Memorial Arnold J. Eikrem (open)"]
[Site "masterchessopen.com – Gausdal (Norway)"]
[Round "4"]
[White "Kraidman Yair (ISR)"]
[Black "Lehikoinen Pertti Ilari (FIN)"]
[Result "1-0"]
[WhiteElo "2335"]
[BlackElo "2235"]

1.d4 Nf6 2.c4 g6 3.Nc3 d5 4.Bf4 Bg7 5.Nf3 O-O 6.Rc1 c5 7.dxc5 dxc4 8.e4 Na6
9.e5 Nd7 10.Bxc4 Naxc5 11.b4 Ne6 12.Bxe6 fxe6 13.Bg3 b5 14.O-O Bb7 15.Ng5 Nxe5
16.Nxe6 Qxd1 17.Nxd1 Bd5 18.Nxf8 Kxf8 19.Bxe5 Bxe5 20.Rc5 e6 21.Ne3 Bd6
22.Nxd5 {#r} 1-0

[Event "Ch Hungary (team) 1998/99 (2 liga)"]
[Site "masterchessopen.com – Hungary"]
[Round "0"]
[White "Palasti Ferenc (HUN)"]
[Black "Volosin Vladimir (HUN)"]
[Result "0-1"]
[WhiteElo "1982"]
[BlackElo "2294"]

1.Nf3 Nf6 2.c4 g6 3.Nc3 d5 4.d4 Bg7 5.Bf4 O-O 6.cxd5 Nxd5 7.Nxd5 Qxd5 8.Bxc7
Nc6 9.e3 Bg4 10.Be2 Rac8 11.Bg3 Qa5+ 12.Nd2 Bxe2 13.Qxe2 Bxd4 14.O-O Bg7 15.a3
Rfd8 16.Nc4 Qa6 17.Rac1 Na5 18.b3 Nxb3 19.Rc2 Na1 20.Rcc1 Rc6 21.Qa2 Rdc8
22.Ne5 Rxc1 {#R} 0-1

[Event "Simultan"]
[Site "masterchessopen.com – Koszalin (Poland)"]
[Round "0"]
[White "Karpov Anatoly (RUS)"]
[Black "Wojtowicz Adam (POL)"]
[Result "1-0"]
[WhiteElo "2725"]
[BlackElo "2131"]

1.d4 Nf6 2.c4 g6 3.Nc3 d5 4.Nf3 Bg7 5.Bf4 O-O 6.Rc1 c5 7.dxc5 dxc4 8.Qxd8 Rxd8
9.e3 Na6 10.c6 bxc6 11.Bxc4 Nd5 12.Be5 Nb6 13.Be2 Nb4 14.Bxg7 Kxg7 15.O-O Be6
16.a3 Nd3 17.Bxd3 Rxd3 18.Ne5 Rd2 19.b4 Nc4 20.Ne4 Nxe5 21.Nxd2 a5 22.Rc5 Nd3
23.Rc3 Ne5 24.bxa5 Rxa5 25.Rfc1 Bd7 26.Ra1 c5 27.Rb1 f6 28.f4 Ng4 29.Rb7 h5
{#r} 1-0

[Event "Ch Ruhrgebiet (juniors) (under 17)"]
[Site "masterchessopen.com – Muelheim (Germany)"]
[Round "0"]
[White "Buschmann Andreas (GER)"]
[Black "Banik Thorsten (GER)"]
[Result "0-1"]
[WhiteElo "2091"]
[BlackElo "2124"]

1.d4 Nf6 2.c4 g6 3.Nc3 d5 4.Nf3 Bg7 5.Bf4 O-O 6.Qd2 Ne4 7.Qc1 Nxc3 8.Qxc3 c5
9.e3 Nc6 10.cxd5 Qxd5 11.Qxc5 Qxc5 12.dxc5 Bxb2 13.Rb1 Bc3+ 14.Kd1 Rd8+ 15.Kc2
Bf5+ 16.Kxc3 Bxb1 17.Bc4 Be4 18.Bxf7+ Kxf7 19.Ng5+ Kg7 20.Nxe4 Rd5 21.Rb1 Na5
22.Rb5 b6 23.Kb4 Rd1 24.Nc3 Rd2 25.Ne4 Rb2+ 26.Ka4 Rxa2+ 27.Kb4 Rc8 28.Bg5 Kf8
29.h4 Rc2 30.Ka3 Rd8 31.Nd6 Rd7 {#R} 0-1

[Event "It (cat.4)"]
[Site "masterchessopen.com – Berlin (Germany)"]
[Round "2"]
[White "Kiesekamp Marcos (GER)"]
[Black "Giemsa Stephan (GER)"]
[Result "1-0"]
[WhiteElo "2239"]
[BlackElo "2294"]

1.d4 Nf6 2.c4 g6 3.Nc3 d5 4.Nf3 Bg7 5.Bf4 O-O 6.Rc1 dxc4 7.e4 b5 8.Nxb5 Nxe4
9.Bxc7 Qd7 10.Bxc4 a6 11.Na3 Bb7 12.Be5 Bh6 13.Rc2 Nc6 14.O-O Rad8 15.Qe1 Nd6
16.Bb3 Nf5 17.Ba4 Qd5 18.Bb3 Qd7 19.d5 Nxe5 20.Nxe5 Qd6 21.Nc6 Rc8 22.Nc4 Qxd5
23.Nb6 Qb5 24.Nxc8 Rxc8 25.Nxe7+ Nxe7 26.Qxe7 {#r} 1-0

[Event "It (cat.4)"]
[Site "masterchessopen.com – Berlin (Germany)"]
[Round "8"]
[White "Lipinsky Fabian (GER)"]
[Black "Giemsa Stephan (GER)"]
[Result "0-1"]
[WhiteElo "2331"]
[BlackElo "2294"]

1.d4 Nf6 2.c4 g6 3.Nc3 d5 4.Nf3 Bg7 5.Bf4 O-O 6.Rc1 dxc4 7.e4 Bg4 8.Bxc4 Bxf3
9.Qxf3 Nc6 10.d5 Nd4 11.Qe3 e5 12.Bxe5 Ng4 13.Qxd4 Nxe5 14.Qc5 b6 15.Qb4 Qg5
16.O-O Nf3+ 17.Kh1 Qh6 18.h3 Ng5 19.Be2 Nxh3 20.g3 Nf4+ 21.Kg1 Bxc3 22.Qc4
Bxb2 23.Rc2 Be5 24.Bf3 Nh5 25.Bxh5 Qxh5 26.Kg2 Qg4 27.f4 Bd6 28.Rh1 Bxf4
29.Qd3 Be5 30.Rh4 Qg5 {#R} 0-1

[Event "It (open)"]
[Site "masterchessopen.com – Bischwiller (France)"]
[Round "8"]
[White "Foisor Sabina-Francesca (USA)"]
[Black "Sohier Julien (FRA)"]
[Result "0-1"]
[WhiteElo "2358"]
[BlackElo "2240"]

1.d4 Nf6 2.c4 g6 3.Nc3 d5 4.Nf3 Bg7 5.Bf4 O-O 6.Qd2 Na6 7.e3 c5 8.dxc5 Nxc5
9.cxd5 Nfe4 10.Nxe4 Nxe4 11.Qc2 Qa5+ 12.Nd2 Bf5 13.Bd3 Rac8 14.Qd1 Nxf2
15.Kxf2 Bxd3 16.Nb3 Qxd5 17.Qe1 Rc2+ 18.Kg1 Rxg2# 0-1

[Event "It (open)"]
[Site "masterchessopen.com – Gelsenkirchen (Germany)"]
[Round "0"]
[White "Ruzele Darius (LTU)"]
[Black "Roeber Bjoern (GER)"]
[Result "1-0"]
[WhiteElo "2515"]
[BlackElo "2310"]

1.d4 Nf6 2.c4 g6 3.Nf3 Bg7 4.Nc3 d5 5.Bf4 O-O 6.Rc1 dxc4 7.e4 c5 8.dxc5 Qa5
9.e5 Rd8 10.Bd2 Ng4 11.Bxc4 Qxc5 12.Ne4 Qb6 13.Bxf7+ Kxf7 14.Rxc8 Rxc8
15.Nfg5+ Ke8 16.Qxg4 Nd7 17.Nd6+ exd6 18.Qe6+ Kd8 19.exd6 {#r} 1-0

[Event "Bayern Regionalliga Southwest"]
[Site "masterchessopen.com – Germany"]
[Round "7"]
[White "Lechner Marco"]
[Black "Blosze Winfried (GER)"]
[Result "1-0"]
[WhiteElo "1750"]
[BlackElo "1914"]

1.d4 Nf6 2.c4 g6 3.Nc3 d5 4.Nf3 Bg7 5.Bf4 O-O 6.g3 dxc4 7.Bg2 c6 8.O-O Nd5
9.Ne5 Nxf4 10.gxf4 Qc7 11.e3 Rd8 12.Qe2 Be6 13.Nxc4 b5 14.Nd2 a6 15.Rfc1 Qd7
16.Nce4 Bh3 17.Nc5 Qg4 18.Qxg4 Bxg4 19.Nb7 Rc8 20.Na5 Bd7 21.Rc2 Ra7 22.Rac1
Rac7 23.b4 e6 24.Nf3 Bf8 25.a3 f6 26.Nd2 Kf7 27.Ndb3 Bd6 28.Nc5 Be8 29.Bh3 Re7
30.Ncb7 Bc7 31.d5 cxd5 32.Nd6+ Bxd6 33.Rxc8 Bd7 34.Nb7 {#r} 1-0

[Event "Oberliga East A 1999/00"]
[Site "masterchessopen.com – Germany"]
[Round "1"]
[White "Walther Hans-Wolfgang (GER)"]
[Black "Gempe Thomas (GER)"]
[Result "0-1"]
[WhiteElo "2232"]
[BlackElo "2230"]

1.d4 Nf6 2.c4 g6 3.Nc3 d5 4.Nf3 Bg7 5.Bf4 O-O 6.cxd5 Nxd5 7.Nxd5 Qxd5 8.Bxc7
Nc6 9.e3 Bf5 10.Be2 Rac8 11.Bg3 Qa5+ 12.Nd2 e5 13.O-O exd4 14.Nc4 Qa6 15.Nd6
d3 16.Bf3 Rcd8 17.Qb3 Rd7 18.Rfd1 Ne5 19.Bxe5 Bxe5 20.Nxf5 gxf5 21.Rd2 f4
22.Rad1 fxe3 23.fxe3 Qh6 24.g3 Qxe3+ 25.Kg2 Rfd8 26.Qb5 b6 27.Qc6 Rd4 28.a3
Bg7 29.Qb7 R8d7 30.Qa8+ Bf8 31.Rf2 Rc4 32.Bc6 Rc2 33.Rf1 Rxf2+ 34.Rxf2 d2 {#R}
0-1

[Event "Tournament"]
[Site "masterchessopen.com – Guines (Cuba)"]
[Round "0"]
[White "Lopez Carlos Manuel (CUB)"]
[Black "Vega Lemay (CUB)"]
[Result "1-0"]
[WhiteElo "2321"]
[BlackElo "2292"]

1.d4 Nf6 2.c4 g6 3.Nc3 d5 4.Nf3 Bg7 5.Bf4 O-O 6.Rc1 dxc4 7.e4 c5 8.dxc5 Qa5
9.e5 Nfd7 10.Bxc4 Nxc5 11.O-O Nc6 12.Nd5 Be6 13.b4 Nxb4 14.Nxe7+ Kh8 15.Bd2
Rad8 16.Qe1 Bxc4 17.Rxc4 Qxa2 18.Rxb4 Nd3 19.Qe4 Nxb4 20.Bxb4 Rd7 21.Ng5 Re8
22.Qc2 {#r} 1-0

[Event "It (open)"]
[Site "masterchessopen.com – Mondariz (Spain)"]
[Round "8"]
[White "Giorgadze Giorgi (GEO)"]
[Black "De La Villa Garcia Jesus M (ESP)"]
[Result "1-0"]
[WhiteElo "2602"]
[BlackElo "2473"]

1.d4 Nf6 2.c4 g6 3.Nc3 d5 4.Nf3 Bg7 5.Bf4 O-O 6.Rc1 dxc4 7.e3 Be6 8.Ng5 Bd5
9.e4 h6 10.exd5 hxg5 11.Bxg5 Nxd5 12.Bxc4 Nb6 13.Bb3 Nc6 14.Ne2 Na5 15.h4 Qd7
16.h5 Qg4 17.Rc5 Nxb3 18.Qxb3 e5 19.Qg3 Qxg3 20.Nxg3 exd4 21.h6 Rfe8+ 22.Kd1
Bh8 23.h7+ Kg7 24.Rxc7 Rab8 25.Rh4 Rec8 26.Ne4 {#r} 1-0

[Event "It (open)"]
[Site "masterchessopen.com – Passau (Germany)"]
[Round "7"]
[White "Neubauer Ralf Dr (GER)"]
[Black "Adler Haymo"]
[Result "1-0"]
[WhiteElo "2048"]
[BlackElo "1889"]

1.Nf3 d5 2.d4 Nf6 3.c4 g6 4.Nc3 Bg7 5.Bf4 O-O 6.h3 c6 7.e3 Nbd7 8.Be2 Re8
9.O-O dxc4 10.Bxc4 Nb6 11.Be2 Nbd5 12.Bh2 Qa5 13.Nxd5 Qxd5 14.Ne5 e6 15.Qc2
Bf8 16.Bf3 Qa5 17.Nc4 Qa6 18.Be2 b5 19.Ne5 Bb7 20.Nd3 Qb6 21.Rfe1 Rac8 22.Bf3
Nd5 23.Nc5 Red8 24.a3 Ba8 25.e4 Ne7 26.Rad1 Bg7 27.e5 Nf5 28.Qc3 Bf8 29.b4 Bh6
30.g4 Ne7 31.Ne4 Nd5 32.Qb2 Rc7 33.g5 Bf8 34.Rc1 Ne7 35.Qc3 Nf5 36.Nf6+ Kh8
37.d5 exd5 38.Nxd5 {#r} 1-0

[Event "Ch World (juniors) (under 20)"]
[Site "masterchessopen.com – Yerevan (Armenia)"]
[Round "3"]
[White "Lipinsky Fabian (GER)"]
[Black "Atakisi Umut (TUR)"]
[Result "1-0"]
[WhiteElo "2331"]
[BlackElo "2238"]

1.d4 Nf6 2.c4 g6 3.Nf3 Bg7 4.Nc3 d5 5.Bf4 O-O 6.Rc1 dxc4 7.e4 b5 8.Nxb5 Nxe4
9.Bxc7 Qd7 10.Bxc4 a6 11.Na3 Nc6 12.O-O Bb7 {#r} 1-0

[Event "It (open) \"]
[Site "masterchessopen.com – Athens (Greece)"]
[Round "3"]
[White "Georgakopoulos Angelos (GRE)"]
[Black "Papathanasopoulos Nikolaos (GRE)"]
[Result "1-0"]
[WhiteElo "2009"]
[BlackElo "1657"]

1.d4 Nf6 2.c4 g6 3.Nc3 d5 4.Nf3 Bg7 5.Bf4 O-O 6.Nb5 Na6 7.h3 dxc4 8.Nc3 c5
9.d5 Qa5 10.Bd2 e6 11.d6 b5 12.Nd5 c3 13.Bxc3 b4 14.Nxf6+ Kh8 15.Be5 Rd8
16.Ng5 Bxf6 17.Bxf6+ Kg8 18.Bxd8 Qxd8 19.Nf3 Bb7 20.e3 Rc8 21.Qd2 c4 22.Rc1
Bd5 23.Ne5 c3 24.bxc3 f6 25.Bxa6 bxc3 26.Qd3 Rc5 27.Nxg6 Qxd6 28.e4 hxg6
29.exd5 exd5 30.Qxg6+ Kh8 31.Qe8+ Kg7 32.Bd3 d4 33.Qg6+ Kf8 34.O-O Rg5 35.Qh6+
Kf7 36.Rfe1 {#r} 1-0

[Event "It (cat.7)"]
[Site "masterchessopen.com – Budapest (Hungary)"]
[Round "1"]
[White "Lukacs Peter (HUN)"]
[Black "Szeberenyi Adam (HUN)"]
[Result "1-0"]
[WhiteElo "2488"]
[BlackElo "2357"]

1.d4 Nf6 2.c4 g6 3.Nc3 d5 4.Nf3 Bg7 5.Bf4 O-O 6.Rc1 c5 7.dxc5 dxc4 8.e4 Qa5
9.e5 Rd8 10.Bd2 Ng4 11.Bxc4 Qxc5 12.Ne4 Qb6 13.Bxf7+ Kxf7 14.Rxc8 Rxc8
15.Nfg5+ Kg8 16.Qxg4 Na6 17.Nd6 Nc5 18.Nxc8 Qc7 19.Qc4+ e6 20.Nd6 Bxe5 21.Nde4
Nxe4 22.Qxc7 Bxc7 23.Nxe4 {#r} 1-0

[Event "It (cat.7)"]
[Site "masterchessopen.com – Budapest (Hungary)"]
[Round "8"]
[White "Nguyen Anh Dung (VIE)"]
[Black "Szeberenyi Adam (HUN)"]
[Result "1-0"]
[WhiteElo "2487"]
[BlackElo "2357"]

1.d4 Nf6 2.c4 g6 3.Nc3 d5 4.Nf3 Bg7 5.Bf4 O-O 6.Rc1 c5 7.dxc5 dxc4 8.Qxd8 Rxd8
9.e4 Na6 10.e5 Nd5 11.Nxd5 Rxd5 12.Be3 Bg4 13.Bxc4 Bxf3 14.gxf3 Rxe5 15.Bxa6
bxa6 16.Ke2 Bh6 17.b4 f5 18.Rhd1 Kf7 19.Kd3 Rd8+ 20.Kc4 Rxd1 21.Rxd1 Bxe3
22.fxe3 Rxe3 23.c6 Re2 24.Kb3 Re3+ 25.Kb2 Re2+ 26.Kb1 {#r} 1-0

[Event "It (cat.8)"]
[Site "masterchessopen.com – Budapest (Hungary)"]
[Round "5"]
[White "Barbero Gerardo F (ARG)"]
[Black "Szeberenyi Adam (HUN)"]
[Result "0-1"]
[WhiteElo "2445"]
[BlackElo "2357"]

1.d4 Nf6 2.c4 g6 3.Nc3 d5 4.Nf3 Bg7 5.Bf4 O-O 6.Rc1 dxc4 7.e4 Bg4 8.Bxc4 Bxf3
9.gxf3 Nh5 10.Be3 e5 11.dxe5 Bxe5 12.Qb3 Nc6 13.Qxb7 Nd4 14.Nd5 Nxf3+ 15.Ke2
Nd4+ 16.Kd3 Rb8 17.Qxa7 Ne6 18.Bb3 Bxb2 19.Rc4 Be5 20.Kc2 Qh4 21.Qa5 Nd4+
22.Rxd4 Bxd4 23.Bxd4 Qxe4+ 24.Kc3 c6 25.Nb6 Qxh1 26.Qe5 Qf3+ 27.Kb2 Qf6 28.Qc5
Qf5 29.Qxc6 Qa5 30.a4 Rfe8 {#R} 0-1

[Event "It (open)"]
[Site "masterchessopen.com – Cannes (France)"]
[Round "5"]
[White "Peyrin Jean (FRA)"]
[Black "Janotta Patrick (FRA)"]
[Result "0-1"]
[WhiteElo "2064"]
[BlackElo "2146"]

1.d4 Nf6 2.c4 g6 3.Nc3 d5 4.Nf3 Bg7 5.Bf4 O-O 6.Rc1 c5 7.dxc5 Qa5 8.cxd5 Qxc5
9.e4 Qb4 10.Qb3 a5 11.Bxb8 Rxb8 12.Be2 Nd7 13.Nd2 Bh6 14.Qxb4 axb4 15.Nb5 Ra8
16.Ra1 Nc5 17.Bc4 Bxd2+ 18.Kxd2 Nxe4+ 19.Ke3 Nd6 20.Nxd6 exd6 21.Kd4 Bf5
22.Rhe1 Rfe8 23.f3 g5 24.Rac1 Kf8 25.Rxe8+ Kxe8 26.Bb3 Kf8 27.g4 Bg6 28.Rc4
Re8 29.Rxb4 Re2 30.Rxb7 Rxb2 31.Rd7 Rxh2 32.Rxd6 Rh3 33.Ke3 h5 34.Kf2 h4
35.Rc6 Rh2+ 36.Kg1 Rd2 37.Rc2 Bxc2 38.Bxc2 Rxc2 {#R} 0-1

[Event "It (open)"]
[Site "masterchessopen.com – Ceske Budejovice (Czech Republic)"]
[Round "7"]
[White "Vokac Marek (CZE)"]
[Black "Gschwendtner Stanislav (CZE)"]
[Result "1-0"]
[WhiteElo "2523"]
[BlackElo "2185"]

1.d4 Nf6 2.c4 g6 3.Nc3 d5 4.Nf3 Bg7 5.Bf4 O-O 6.Rc1 c5 7.dxc5 dxc4 8.Qxd8 Rxd8
9.e4 Na6 10.e5 Nd5 11.Nxd5 Rxd5 12.Bxc4 Rxc5 13.O-O b5 14.Be2 Be6 15.Rxc5 Nxc5
16.Rc1 Bc4 17.Bxc4 bxc4 18.Rxc4 Nd3 19.b3 Rd8 20.Kf1 Nxf4 21.Rxf4 Rd5 22.Rd4
Ra5 23.Rd8+ Bf8 24.a4 Kg7 25.Ke2 e6 26.Kd3 Bc5 27.Rd7 Bxf2 28.Ng5 Rd5+ 29.Rxd5
exd5 30.Nh3 Bc5 31.Nf4 Bg1 32.Nxd5 Bxh2 33.Ke4 h5 34.b4 g5 35.b5 {#r} 1-0

[Event "It (open)"]
[Site "masterchessopen.com – Feffernitz (Austria)"]
[Round "2"]
[White "Csiszar Csaba (HUN)"]
[Black "Bruns Michael (GER)"]
[Result "1-0"]
[WhiteElo "2410"]
[BlackElo "2118"]

1.d4 Nf6 2.Nf3 g6 3.c4 Bg7 4.Nc3 d5 5.Bf4 O-O 6.Rc1 c5 7.dxc5 Be6 8.e3 Na6
9.c6 bxc6 10.cxd5 Nxd5 11.Bxa6 Qa5 12.Be2 Nxc3 13.bxc3 Bxc3+ 14.Kf1 Rfd8
15.Qc2 Bg7 16.a4 Bf5 17.e4 Bg4 18.h3 Bd7 19.Bd2 Qc7 20.g3 e5 21.Kg2 h6 22.Bc4
Kh7 23.Bxf7 Rf8 24.Qc4 Rad8 25.Bb4 Rh8 26.Be7 Rb8 27.h4 Rhc8 28.Ng5+ Kh8
29.Bxg6 Bg4 30.Nf7+ {#r} 1-0

[Event "Ch Finland (team) 2000/01"]
[Site "masterchessopen.com – Finland"]
[Round "2"]
[White "Solozhenkin Evgeniy (RUS)"]
[Black "Holmsten Aleksei (FIN)"]
[Result "0-1"]
[WhiteElo "2504"]
[BlackElo "2383"]

1.d4 Nf6 2.c4 g6 3.Nc3 d5 4.Nf3 Bg7 5.Bf4 O-O 6.Rc1 dxc4 7.e3 Be6 8.Ng5 Bd5
9.e4 h6 10.exd5 hxg5 11.Bxg5 Nxd5 12.Bxc4 Nb6 13.Bb3 Nc6 14.d5 Nd4 15.O-O Rc8
16.Re1 Re8 17.Ba4 Nxa4 18.Qxa4 b5 19.Nxb5 Qxd5 20.Nxd4 Bxd4 21.Bxe7 Bxf2+
22.Kxf2 Rxe7 23.Rxe7 Qd2+ 24.Kf3 Qxc1 25.Qf4 Qc6+ 26.Kg3 Qd5 27.b3 c5 28.h3 c4
29.bxc4 Rxc4 30.Qf6 Re4 31.Rxa7 Re2 32.Qf3 Qe5+ 33.Kh4 g5+ 34.Kh5 g4+ {#R} 0-1

[Event "Bundesliga (2nd) North 1999/00"]
[Site "masterchessopen.com – Germany"]
[Round "0"]
[White "Lipinsky Fabian (GER)"]
[Black "Lindinger Markus (GER)"]
[Result "1-0"]
[WhiteElo "2362"]
[BlackElo "2290"]

1.d4 Nf6 2.c4 g6 3.Nf3 Bg7 4.Nc3 d5 5.Bf4 O-O 6.Rc1 dxc4 7.e4 Bg4 8.Bxc4 Nh5
9.Bg5 Bxf3 10.Qxf3 Bxd4 11.Nd5 Nc6 12.O-O Bf6 13.Bxf6 Nxf6 14.Rfd1 Nd7 15.Qg3
Nce5 16.Be2 e6 17.Ne3 Rc8 18.f4 Nc6 19.Bb5 Qe7 20.Bxc6 bxc6 21.Rxc6 Nc5 22.f5
Nxe4 23.Qe5 Nf6 24.fxe6 fxe6 25.Rxe6 Qg7 26.Re7 Qh6 27.Rf1 Nh5 28.g3 Rxf1+
29.Nxf1 Rf8 30.Rxc7 Nf6 31.Qe6+ Kh8 32.Rc8 Rxc8 33.Qxc8+ Ng8 34.Qc2 Qf8 35.Ne3
Nf6 36.Qc3 Kg8 37.Qc4+ Kg7 38.Qd4 Qf7 39.Ng4 {#r} 1-0

[Event "Ch Hungary (team) 1999/00 (2 liga)"]
[Site "masterchessopen.com – Hungary"]
[Round "6"]
[White "Torok Sandor (HUN)"]
[Black "Tozser Denes (HUN)"]
[Result "1-0"]
[WhiteElo "2113"]
[BlackElo "1947"]

1.d4 Nf6 2.c4 g6 3.Nc3 d5 4.Nf3 Bg7 5.Bf4 O-O 6.Rc1 b6 7.cxd5 Nxd5 8.Nxd5 Qxd5
9.Rxc7 Qxa2 10.Qc1 Nd7 11.e4 e6 12.Bc4 Qa4 13.e5 b5 14.Bd3 Nb6 15.Be4 Nd5
16.Bxd5 exd5 17.O-O Be6 18.Bh6 Rfc8 19.Bxg7 Kxg7 20.Ng5 Qa6 21.Rxc8 Rxc8
22.Qf4 h6 23.Qf6+ Kg8 24.Nxf7 {#r} 1-0

[Event "Olympiad"]
[Site "masterchessopen.com – Istanbul (Turkey)"]
[Round "13"]
[White "Ruzele Darius (LTU)"]
[Black "Valenzuela Fuentealba Luis (CHI)"]
[Result "1-0"]
[WhiteElo "2541"]
[BlackElo "2426"]

1.d4 Nf6 2.c4 g6 3.Nf3 Bg7 4.Nc3 d5 5.Bf4 O-O 6.Rc1 dxc4 7.e4 b5 8.Nxb5 Nxe4
9.Bxc7 Qd7 10.Bxc4 a6 11.Na3 Nc6 12.O-O Bb7 13.Bb6 Rab8 14.Bb3 Ba8 15.Nc4 Nd6
16.Bc5 Nxc4 17.Rxc4 Rfd8 18.Ra4 a5 19.Qe2 e6 20.Rd1 h6 21.h4 Qc7 22.Qa6 Rd7
23.Re1 Bb7 24.Qe2 Rdd8 25.Qe3 Ba6 26.h5 gxh5 27.Qe4 Ne7 28.Bxe6 Nc6 29.Bb3 Nb4
30.Rxb4 {#r} 1-0

[Event "It (open)"]
[Site "masterchessopen.com – Linares (Spain)"]
[Round "6"]
[White "Anastasian Ashot (ARM)"]
[Black "Holmsten Aleksei (FIN)"]
[Result "1-0"]
[WhiteElo "2571"]
[BlackElo "2383"]

1.Nf3 Nf6 2.c4 g6 3.Nc3 Bg7 4.d4 d5 5.Bf4 O-O 6.Rc1 dxc4 7.e4 Bg4 8.Bxc4 Nh5
9.Be3 Bxf3 10.gxf3 e5 11.dxe5 Bxe5 12.Qxd8 Rxd8 13.O-O Nc6 14.Nd5 Bxb2 15.Rb1
Be5 16.f4 Bd6 17.Be2 Ng7 18.Rxb7 Ne6 19.e5 Ba3 20.Nxc7 Nxc7 21.Rxc7 Rac8
22.Rxc8 Rxc8 23.Rd1 Nb4 24.Rd7 a5 25.Bd1 Nc2 26.Bb6 Bc1 27.f5 gxf5 28.Bh5 {#r}
1-0

[Event "It (open)"]
[Site "masterchessopen.com – Milan (Italy)"]
[Round "2"]
[White "Bevilacqua Maurizio (ITA)"]
[Black "Gravagna Pierre (FRA)"]
[Result "0-1"]
[WhiteElo "2110"]
[BlackElo "2028"]

1.d4 Nf6 2.c4 g6 3.Nc3 d5 4.Nf3 Bg7 5.Bf4 O-O 6.Qb3 dxc4 7.Qxc4 c6 8.e3 Be6
9.Qa4 b5 10.Qc2 Qa5 11.Nd2 Na6 12.Be2 Nb4 13.Qb1 Nbd5 14.Nxd5 Nxd5 15.Bg5 h6
16.Bh4 f5 17.Kd1 g5 18.Nb3 Qa4 19.Kc1 c5 20.Nxc5 Rac8 21.Bg3 f4 22.Qd3 Rxc5+
{#R} 0-1

[Event "It (open)"]
[Site "masterchessopen.com – Toulouse (France)"]
[Round "1"]
[White "Van Elst Andreas (FRA)"]
[Black "Laurain Dominique (FRA)"]
[Result "1-0"]
[WhiteElo "2248"]
[BlackElo "2098"]

1.d4 Nf6 2.c4 g6 3.Nc3 d5 4.Nf3 Bg7 5.Bf4 O-O 6.Rc1 c5 7.dxc5 Qa5 8.cxd5 Rd8
9.Qd2 Nxd5 10.Nxd5 Qxd2+ 11.Bxd2 Rxd5 12.e4 Rd8 13.Bc3 Bg4 14.Bxg7 Kxg7 15.Bb5
a6 16.Ba4 Bxf3 17.gxf3 Rd4 18.b3 a5 19.Bb5 Na6 20.Bxa6 Rxa6 21.Ke2 Rc6 22.Ke3
Rb4 23.Rc3 a4 24.Rhc1 b6 25.Rc4 Rxc4 26.Rxc4 axb3 27.axb3 bxc5 28.b4 Kf6
29.Rxc5 Rb6 30.b5 Ke6 31.Rd5 f5 32.Kd4 {#r} 1-0

[Event "Memorial J.Capablanca (b) (cat.8)"]
[Site "masterchessopen.com – Varadero (Cuba)"]
[Round "6"]
[White "Lopez Martinez Josep Manuel (ESP)"]
[Black "Blees Albert (NED)"]
[Result "1-0"]
[WhiteElo "2477"]
[BlackElo "2389"]

1.d4 Nf6 2.Nf3 g6 3.c4 Bg7 4.Nc3 d5 5.Bf4 O-O 6.Rc1 c5 7.dxc5 Be6 8.e3 Nc6
9.Ng5 Qa5 10.Nxe6 fxe6 11.Be2 Rad8 12.Qa4 Qxc5 13.O-O d4 14.exd4 Nxd4 15.Rfe1
Ng4 16.Bg3 Nxf2 17.Bxf2 Rxf2 18.Ne4 Rf1+ 19.Kxf1 Rf8+ 20.Bf3 Qh5 21.Rcd1 Be5
22.Rxd4 Bxd4 23.Nf6+ {#r} 1-0

[Event "Ch Europe (juniors) (under 18)"]
[Site "masterchessopen.com – Chalkidiki (Greece)"]
[Round "6"]
[White "Govciyan Pavel (FRA)"]
[Black "D'Costa Lorin (ENG)"]
[Result "1-0"]
[WhiteElo "2229"]
[BlackElo "2210"]

1.d4 Nf6 2.c4 g6 3.Nc3 d5 4.Nf3 Bg7 5.Bf4 O-O 6.Rc1 dxc4 7.e3 Be6 8.Ng5 Bd5
9.e4 h6 10.exd5 hxg5 11.Bxg5 Nxd5 12.Qf3 Nb4 13.Bxc4 Qxd4 14.Ne2 Qe5 15.h4
N8c6 16.Bf4 Qa5 17.h5 Nd3+ 18.Kf1 Nxf4 19.Nxf4 g5 20.Ng6 Rad8 21.h6 Bh8 22.Qh5
Kh7 23.Nxf8+ Rxf8 24.Bd3+ f5 25.Qxg5 Qd5 26.Rh3 {#r} 1-0

[Event "It (open)"]
[Site "masterchessopen.com – Jyvaskyla (Finland)"]
[Round "2"]
[White "Karttunen Mika (FIN)"]
[Black "Luukkonen Tommi (FIN)"]
[Result "0-1"]
[WhiteElo "2442"]
[BlackElo "2199"]

1.d4 Nf6 2.c4 g6 3.Nc3 d5 4.Nf3 Bg7 5.Bf4 O-O 6.Rc1 dxc4 7.e3 c5 8.Bxc4 cxd4
9.exd4 a6 10.a4 Nc6 11.d5 Nh5 12.Be3 Ne5 13.Be2 Ng4 14.Bd4 e5 15.Bc5 Nf4
16.O-O e4 17.Nxe4 Re8 18.Ng3 h5 19.Rc4 Bh6 20.h3 h4 21.Nxh4 Ne5 22.Rxf4 Bxf4
23.Nf3 Qf6 24.Ne4 Qh8 25.Bd4 Bxh3 26.gxh3 Qxh3 27.Ng3 Ng4 28.Qd3 Rad8 29.Qc4
Re3 30.Rd1 Bxg3 31.Bxe3 Bh2+ 32.Kh1 Bf4+ 33.Kg1 Nxe3 34.Bf1 Qg4+ {#R} 0-1

[Event "It (open)"]
[Site "masterchessopen.com – Latschach (Austria)"]
[Round "1"]
[White "Slacik Johann (AUT)"]
[Black "Zvan Ziga (SLO)"]
[Result "0-1"]
[WhiteElo "1876"]
[BlackElo "2139"]

1.d4 Nf6 2.c4 g6 3.Nc3 d5 4.Nf3 Bg7 5.Bf4 O-O 6.cxd5 Nxd5 7.Nxd5 Qxd5 8.Bxc7
Nc6 9.e3 Bf5 10.Bd3 Bxd3 11.Qxd3 Rac8 12.e4 Qd7 13.Bf4 Nb4 14.Qb3 Nc2+ 15.Ke2
Qg4 16.Be3 Nxa1 17.Rxa1 Qxe4 18.Rd1 Bh6 19.Rd3 Bxe3 20.fxe3 Rc1 21.Rc3 Rxc3
22.Qxc3 Qg4 23.Kf2 Rc8 24.Qb3 Qe4 25.Ne5 Qc2+ 26.Kf3 Qf5+ 27.Kg3 Rc2 28.Nf3 h5
29.h3 h4+ 30.Kxh4 Rxg2 {#R} 0-1

[Event "Memorial Pablo Gorbea (open)"]
[Site "masterchessopen.com – Madrid (Spain)"]
[Round "4"]
[White "Borges Mateos Juan (CUB)"]
[Black "Blasco Miguel (ESP)"]
[Result "1-0"]
[WhiteElo "2436"]
[BlackElo "2271"]

1.d4 Nf6 2.c4 g6 3.Nc3 d5 4.Nf3 Bg7 5.Bf4 O-O 6.Rc1 c5 7.dxc5 Qa5 8.cxd5 Ne4
9.Be5 Bxe5 10.Nxe5 Nxc5 11.Qd4 Nba6 12.e4 f6 13.Nc4 Qd8 14.Be2 Ne6 15.Qe3 Ng5
16.O-O Nf7 17.Rfd1 Nd6 18.e5 fxe5 19.Nxe5 Nc7 20.Ne4 Nce8 21.Ng5 Nf6 22.Nc4
Nfe8 23.Ne5 Nf6 24.Nc4 Nfe8 25.h3 Nf5 26.Qb3 Ned6 27.Bg4 Rf6 28.Bxf5 Rxf5
29.Ne6 Qd7 30.Ne3 Rf6 31.Ng4 Rxe6 32.dxe6 Qxe6 33.Rxc8+ {#r} 1-0

[Event "It (open)"]
[Site "masterchessopen.com – Heves (Hungary)"]
[Date "2001.07.20"]
[Round "2"]
[White "Somodi Balazs (HUN)"]
[Black "Bujdoso Bela (HUN)"]
[Result "0-1"]
[WhiteElo "2190"]
[BlackElo "2039"]

1.d4 Nf6 2.c4 g6 3.Nf3 d5 4.Nc3 Bg7 5.Bf4 O-O 6.Rc1 c5 7.dxc5 Qa5 8.cxd5 Ne4
9.Bd2 Nxc3 10.Bxc3 Bxc3+ 11.Rxc3 Qxa2 12.b4 Bf5 13.Nd2 Qxd5 14.f3 Nc6 15.e4
Qe5 16.Re3 Nxb4 17.Nc4 Qxc5 18.exf5 Rfd8 19.Qb3 b5 20.fxg6 hxg6 21.Na3 Nd5
22.Rd3 Nf4 23.Rxd8+ Rxd8 24.Nc2 a6 25.g3 Qd6 26.Kf2 Qd2+ 27.Kg1 Nd3 28.Bxd3
Rxd3 {#R} 0-1